000 00555nam a2200193Ia 4500
005 20250923145923.0
008 008 250917s9999 xx 000 0 eng d
037 _aTextual
040 _aDSWL
_beng
_cDSWL
041 _aeng
_2eng
084 _aT:3(YX)N2, N95
_qDSWL
245 0 _aDirectory of social work education facilities in India
_c by Ministry of Welfare India
260 _aNew Delhi
_bAuthor
_c1995
300 _axii,375p.
365 _bGift
925 _gGift
942 _cTEXL
_hT:3(YX)N2, N95
999 _c1457379
_d1457379